000 00513nam a2200193Ia 4500
008 131103s9999 xx 000 0 und d
020 _a600342905
040 _aLoreto College
041 _aEnglish
082 _aREF
_bLCBED/12170
100 _aEvery, George
245 _aChristian mythology
_cGeorge Every
260 _aLondon
_bHamlyn
_c1987
300 _a144 p.
_b illus.
_c 29 cm.
504 _aIncludes bibliographical references and index
650 _aMythology
850 _aLCBED/REF
942 _cBK
999 _c31173
_d81652